Đánh giá các yếu tố ảnh hưởng đến cơ cấu đất nông nghiệp ở các kịch bản biến đổi khí hậu tại thành phố Cần Thơ : Luận văn tốt nghiệp Cao học. Chuyên ngành Quản lý đất đai
Nghiên cứu với mục tiêu nhằm đánh giá các yếu tố ảnh hưởng đến cơ cấu đất nông nghiệp ở các kịch bản biến đổi khí hậu tại thành phố Cần Thơ.
Na minha lista:
| Autor principal: | |
|---|---|
| Formato: | Livro |
| Idioma: | Undetermined |
| Publicado em: |
Cần Thơ
Trường Đại học Cần Thơ
2016
|
| Assuntos: | |
| Tags: |
Adicionar Tag
Sem tags, seja o primeiro a adicionar uma tag!
|
| Thư viện lưu trữ: | Trung tâm Học liệu Trường Đại học Cần Thơ |
|---|
| LEADER | 01168nam a2200217Ia 4500 | ||
|---|---|---|---|
| 001 | CTU_216815 | ||
| 008 | 210402s9999 xx 000 0 und d | ||
| 082 | |a 333.76 | ||
| 082 | |b D523 | ||
| 088 | |a 60850103 | ||
| 100 | |a Nguyễn, Khánh Duy | ||
| 245 | 0 | |a Đánh giá các yếu tố ảnh hưởng đến cơ cấu đất nông nghiệp ở các kịch bản biến đổi khí hậu tại thành phố Cần Thơ : | |
| 245 | 0 | |b Luận văn tốt nghiệp Cao học. Chuyên ngành Quản lý đất đai | |
| 245 | 0 | |c Nguyễn Khánh Duy ; Võ Quang Minh (Người hướng dẫn) | |
| 260 | |a Cần Thơ | ||
| 260 | |b Trường Đại học Cần Thơ | ||
| 260 | |c 2016 | ||
| 520 | |a Nghiên cứu với mục tiêu nhằm đánh giá các yếu tố ảnh hưởng đến cơ cấu đất nông nghiệp ở các kịch bản biến đổi khí hậu tại thành phố Cần Thơ. | ||
| 650 | |a Sử dụng đất nông thôn,Land use, Rural | ||
| 904 | |i Hiền,Hải | ||
| 980 | |a Trung tâm Học liệu Trường Đại học Cần Thơ | ||